00422pab a2200145 454500008004000000100001600040245008100056260000900137300001300146362001100159650002800170650002000198700002400218773003400242180718b2012 xxu||||| |||| 00| 0 eng d aUtsav Kumar aGrowth in India's states in the first decade of the 21st century: Four facts c2012 ap.48-57. a21 Jan aEconomic growth - India aEconomic growth aSubramanian, Arvind aEconomic and Political Weekly